[Event "WC-2015-S-00001"]
[Site "LSS email"]
[Date "2015.06.02"]
[Round "?"]
[White "Rahde, Frank"]
[Black "Kireev, Sergey Ivanovich"]
[Result "1/2-1/2"]
[WhiteElo "2169"]
[BlackElo "2372"]
[PlyCount "63"]
[EventDate "2015.06.10"]
[EventType "tourn (corr)"]
[EventRounds "12"]
[EventCountry "GER"]
[SourceTitle "Corr 2022"]
[Source "ChessBase"]
[SourceDate "2021.10.24"]
[SourceVersion "1"]
[SourceVersionDate "2021.10.24"]
[SourceQuality "1"]

1. c4 c6 2. d4 d5 3. Nf3 Nf6 4. e3 Bf5 5. Nc3 e6 6. Nh4 Bg6 7. Nxg6 hxg6 8. h3 Nbd7 9. Bd2 Qc7 10. Rc1 g5 11. cxd5 exd5 12. Bd3 Be7 13. Qe2 Nb6 14. a4 Kf8 15. a5 Nbd7 16. f3 Qxa5 17. 0-0 Qb6 18. Qf2 Rd8 19. b4 a6 20. Ne2 Bxb4 21. Rb1 a5 22. e4 c5 23. e5 Ng8 24. Bxg5 Ne7 25. Rfd1 c4 26. Bc2 Qc6 27. Qg3 Re8 28. Nf4 b5 29. Qg4 Ng8 30. Nh5 Nh6 31. Bxh6 Qxh6 32. Qxd7 1/2-1/2

[Event "WC-2015-S-00001"]
[Site "LSS email"]
[Date "2015.06.02"]
[Round "?"]
[White "Schlenther, Marco"]
[Black "Rahde, Frank"]
[Result "1-0"]
[WhiteElo "2509"]
[BlackElo "2169"]
[PlyCount "63"]
[EventDate "2015.06.10"]
[EventType "tourn (corr)"]
[EventRounds "12"]
[EventCountry "GER"]
[SourceTitle "Corr 2022"]
[Source "ChessBase"]
[SourceDate "2021.10.24"]
[SourceVersion "1"]
[SourceVersionDate "2021.10.24"]
[SourceQuality "1"]

1. e4 c6 2. d4 d5 3. e5 Bf5 4. Nf3 e6 5. Be2 c5 6. Be3 cxd4 7. Nxd4 Ne7 8. Nd2 Nbc6 9. N2f3 a6 10. 0-0 Bg4 11. c3 Bxf3 12. Nxf3 Ng6 13. g3 Be7 14. Bd4 Qc7 15. Re1 0-0 16. Bd3 Rfc8 17. Kg2 Nxd4 18. cxd4 b5 19. h4 Nf8 20. h5 h6 21. Qd2 Qb7 22. g4 Nh7 23. Qe3 Ng5 24. Nxg5 Bxg5 25. f4 Bd8 26. Kh3 Bb6 27. g5 hxg5 28. fxg5 Qa7 29. Qf4 Bxd4 30. Re2 Bc5 31. Rf1 Qe7 32. Qg3 1-0